000 00314nam a2200121Ia 4500
008 220204s9999 xx 000 0 und d
082 _a677.02
_bMOR
100 _aHearle, J W S
245 0 _aPhysical properties of textile fibres
260 _aHeinemann
_bTextile inst
_c1975
700 _aMorton, W E
942 _cBK
999 _c24942
_d24942